Elenco comuni italiani - lettera A - Statistics

Statistiche generali
  • Questo quiz è stato fatto 46 volte
  • Il punteggio medio è 79 su 436
Statistiche sulle risposte
Comune Provincia Abitanti % Corretto
Agrigento (capoluogo provincia) 55 406
97%
Ales Oristano 1 372
97%
Alessandria (capoluogo provincia) 91 099
97%
Andria (capoluogo di provincia) 97 274
97%
Ancona (capoluogo provincia) 98 510
93%
Arezzo (capoluogo provincia) 96 420
93%
Arre Padova 2 104
93%
Asti (capoluogo provincia) 73 326
93%
Avellino (capoluogo provincia) 52 400
93%
Aosta (capoluogo provincia) 33 104
90%
Ascoli Piceno (capoluogo provincia) 45 682
90%
Abano Terme Padova 19 868
86%
Ala Trento 8 773
86%
Alba Cuneo 31 394
86%
Arco Trento 17 673
83%
Ari Chieti 1 059
83%
Acireale Catania 50 248
79%
Albi Catanzaro 863
79%
Abbiategrasso Milano 32 681
76%
Acerra Napoli 58 158
76%
Aci Castello Catania 17 834
76%
Afragola Napoli 61 547
72%
Albenga Savona 23 501
69%
Alghero Sassari 42 398
69%
Altamura Bari 69 688
69%
Aprilia Latina 74 170
69%
Assisi Perugia 27 711
69%
Aci Catena Catania 27 759
66%
Alassio Savona 10 161
66%
Albino Bergamo 17 552
66%
Ariano Irpino Avellino 21 243
66%
Atri Teramo 10 058
66%
Avezzano L'Aquila 40 819
66%
Acqui Terme Alessandria 18 966
62%
Alberobello Bari 10 237
62%
Alcamo Trapani 44 451
62%
Anagni Frosinone 20 691
62%
Arcore Monza e della Brianza 17 773
62%
Albano Laziale Roma 39 482
59%
Amalfi Salerno 4 736
59%
Arese Milano 19 552
59%
Avetrana Taranto 6 268
59%
Accumoli Rieti 551
55%
Adria Rovigo 18 776
55%
Amatrice Rieti 2 300
55%
Arce Frosinone 5 385
55%
Assago Milano 9 251
55%
Asso Como 3 564
55%
Abbadia San Salvatore Siena 6 006
52%
Acquapendente Viterbo 5 290
52%
Acquaviva delle Fonti Bari 19 932
52%
Alatri Frosinone 27 612
52%
Alba Adriatica Teramo 12 762
52%
Alto Cuneo 139
52%
Anzi Potenza 1 555
52%
Anzio Roma 52 409
52%
Aquileia Udine 3 130
52%
Ardea Roma 48 548
52%
Augusta Siracusa 34 638
52%
Acri Cosenza 19 644
48%
Adelfia Bari 16 471
48%
Agropoli Salerno 21 254
48%
Alì Messina 676
48%
Amantea Cosenza 13 850
48%
Anguillara Sabazia Roma 18 997
48%
Appiano Gentile Como 7 625
48%
Ariccia Roma 18 026
48%
Arona Novara 13 674
48%
Arquata del Tronto Ascoli Piceno 991
48%
Asiago Vicenza 6 386
48%
Avola Siracusa 30 217
48%
Alfonsine Ravenna 11 498
45%
Anacapri Napoli 6 827
45%
Aversa Caserta 49 784
45%
Altopascio Lucca 15 698
41%
Anversa degli Abruzzi L'Aquila 304
41%
Atina Frosinone 4 071
41%
Auronzo di Cadore Belluno 3 059
41%
Affi Verona 2 360
38%
Agra Varese 400
38%
Arsoli Roma 1 382
38%
Atessa Chieti 10 432
38%
Agrate Brianza Monza e della Brianza 15 505
34%
Albese con Cassano Como 4 138
34%
Amelia Terni 11 577
34%
Andalo Trento 1 267
34%
Asciano Siena 6 784
34%
Arcinazzo Romano Roma 1 260
31%
Artena Roma 13 551
31%
Ascea Salerno 5 683
31%
Aci Bonaccorsi Catania 3 482
28%
Agna Padova 3 181
28%
Alia Palermo 3 364
28%
Asolo Treviso 8 891
28%
Assolo Oristano 362
28%
Aulla Massa-Carrara 10 685
28%
Aviano Pordenone 8 890
28%
Albairate Milano 4 699
24%
Albignasego Padova 26 006
24%
Arconate Milano 6 751
24%
Arenzano Genova 11 093
24%
Arluno Milano 12 269
24%
Arquata Scrivia Alessandria 6 334
24%
Avio Trento 4 091
24%
Acuto Frosinone 1 858
21%
Alessano Lecce 6 045
21%
Aliano Matera 889
21%
Altavilla Vicentina Vicenza 11 810
21%
Anghiari Arezzo 5 380
21%
Arquà Petrarca Padova 1 827
21%
Arzignano Vicenza 25 173
21%
Atrani Salerno 806
21%
Aci Sant'Antonio Catania 17 778
17%
Agerola Napoli 7 665
17%
Agliano Terme Asti 1 578
17%
Agordo Belluno 4 057
17%
Alfedena L'Aquila 925
17%
Alimena Palermo 1 764
17%
Alì Terme Messina 2 321
17%
Almè Bergamo 5 488
17%
Altino Chieti 3 053
17%
Altofonte Palermo 9 867
17%
Alzano Lombardo Bergamo 13 346
17%
Andora Savona 7 188
17%
Aprica Sondrio 1 481
17%
Arborea Oristano 3 845
17%
Argenta Ferrara 20 908
17%
Acate Ragusa 10 587
14%
Acquafredda Brescia 1 521
14%
Acquappesa Cosenza 1 722
14%
Acquasanta Terme Ascoli Piceno 2 523
14%
Acquasparta Terni 4 394
14%
Adro Brescia 7 134
14%
Affile Roma 1 447
14%
Africo Reggio Calabria 2 706
14%
Albiano Trento 1 495
14%
Alessandria della Rocca Agrigento 2 466
14%
Alleghe Belluno 1 106
14%
Alliste Lecce 6 437
14%
Altavilla Milicia Palermo 8 523
14%
Ampezzo Udine 910
14%
Angri Salerno 33 855
14%
Anguillara Veneta Padova 4 190
14%
Anzola dell'Emilia Bologna 12 318
14%
Appiano sulla Strada del Vino Bolzano 14 848
14%
Arcole Verona 6 317
14%
Arzano Napoli 31 901
14%
Asola Mantova 9 938
14%
Assemini Cagliari 25 747
14%
Atella Potenza 3 679
14%
Avella Avellino 7 519
14%
Avigliano Potenza 10 708
14%
Azzate Varese 4 604
14%
Azzone Bergamo 373
14%
Abbadia Cerreto Lodi 275
10%
Abbadia Lariana Lecco 3 210
10%
Acquaformosa Cosenza 965
10%
Acqualagna Pesaro e Urbino 4 157
10%
Acquanegra sul Chiese Mantova 2 711
10%
Acquaro Vibo Valentia 1 860
10%
Acquaviva Platani Caltanissetta 857
10%
Adrano Catania 33 573
10%
Adrara San Martino Bergamo 2 187
10%
Adrara San Rocco Bergamo 780
10%
Agira Enna 7 652
10%
Agliè Torino 2 553
10%
Agnadello Cremona 3 807
10%
Agnone Isernia 4 604
10%
Aiello Calabro Cosenza 1 388
10%
Airole Imperia 372
10%
Alagna Pavia 798
10%
Alagna Valsesia Vercelli 729
10%
Albaredo d'Adige Verona 5 209
10%
Albettone Vicenza 1 977
10%
Albissola Marina Savona 5 212
10%
Aliminusa Palermo 1 105
10%
Allumiere Roma 3 794
10%
Almenno San Bartolomeo Bergamo 6 461
10%
Almenno San Salvatore Bergamo 5 573
10%
Alpago Belluno 6 639
10%
Altavalle Trento 1 629
10%
Altavilla Irpina Avellino 3 952
10%
Altissimo Vicenza 2 138
10%
Altomonte Cosenza 4 022
10%
Amato Catanzaro 807
10%
Ameglia Spezia 4 258
10%
Andrano Lecce 4 607
10%
Anfo Brescia 438
10%
Angera Varese 5 407
10%
Angiari Verona 2 382
10%
Angolo Terme Brescia 2 298
10%
Antonimina Reggio Calabria 1 192
10%
Antrodoco Rieti 2 338
10%
Apricena Foggia 12 600
10%
Aquilonia Avellino 1 485
10%
Aquino Frosinone 4 932
10%
Arcidosso Grosseto 4 244
10%
Arcola Spezia 10 122
10%
Arcugnano Vicenza 7 722
10%
Argelato Bologna 9 705
10%
Ariano nel Polesine Rovigo 3 939
10%
Arola Verbano-Cusio-Ossola 243
10%
Arquà Polesine Rovigo 2 602
10%
Arsiè Belluno 2 202
10%
Arta Terme Udine 2 034
10%
Ascoli Satriano Foggia 5 888
10%
Assoro Enna 4 795
10%
Ausonia Frosinone 2 414
10%
Avigliana Torino 12 527
10%
Azzano Mella Brescia 3 388
10%
Abetone Cutigliano Pistoia 1 854
7%
Abriola Potenza 1 303
7%
Accadia Foggia 2 203
7%
Accettura Matera 1 638
7%
Acerenza Potenza 2 112
7%
Acquafondata Frosinone 263
7%
Acquanegra Cremonese Cremona 1 125
7%
Acquaviva d'Isernia Isernia 371
7%
Acquaviva Picena Ascoli Piceno 3 643
7%
Acquedolci Messina 5 462
7%
Agazzano Piacenza 1 978
7%
Agnana Calabra Reggio Calabria 467
7%
Agnosine Brescia 1 622
7%
Agugliano Ancona 4 712
7%
Agugliaro Vicenza 1 391
7%
Aidone Enna 4 168
7%
Airuno Lecco 2 782
7%
Alanno Pescara 3 359
7%
Albano di Lucania Potenza 1 358
7%
Albareto Parma 2 054
7%
Albavilla Como 6 630
7%
Alberona Foggia 843
7%
Albidona Cosenza 1 147
7%
Albinea Reggio Emilia 8 782
7%
Albisola Superiore Savona 9 527
7%
Albizzate Varese 5 217
7%
Alcara Li Fusi Messina 1 713
7%
Alessandria del Carretto Cosenza 355
7%
Alezio Lecce 5 572
7%
Alfano Salerno 958
7%
Alife Caserta 7 252
7%
Alonte Vicenza 1 577
7%
Alseno Piacenza 4 677
7%
Altavilla Silentina Salerno 6 871
7%
Altivole Treviso 7 009
7%
Alto Reno Terme Bologna 6 914
7%
Alviano Terni 1 375
7%
Alvito Frosinone 2 480
7%
Alzate Brianza Como 4 799
7%
Amandola Fermo 3 401
7%
Amaro Udine 839
7%
Amaroni Catanzaro 1 773
7%
Amaseno Frosinone 4 029
7%
Amendolara Cosenza 2 716
7%
Ancarano Teramo 1 868
7%
Andali Catanzaro 680
7%
Andrate Torino 486
7%
Andriano Bolzano 1 044
7%
Annone Veneto Venezia 3 787
7%
Anticoli Corrado Roma 820
7%
Apice Benevento 5 310
7%
Apollosa Benevento 2 488
7%
Apricale Imperia 616
7%
Aprigliano Cosenza 2 407
7%
Aragona Agrigento 8 677
7%
Arba Pordenone 1 271
7%
Arborio Vercelli 830
7%
Arcade Treviso 4 483
7%
Arcisate Varese 9 900
7%
Ardore Reggio Calabria 4 785
7%
Arena Vibo Valentia 1 258
7%
Arlena di Castro Viterbo 831
7%
Arpaia Benevento 1 989
7%
Arpaise Benevento 730
7%
Arpino Frosinone 6 732
7%
Arrone Terni 2 538
7%
Arsiero Vicenza 3 072
7%
Artogne Brescia 3 572
7%
Arzachena Gallura-Nord Est Sardegna 13 328
7%
Arzergrande Padova 4 794
7%
Ascrea Rieti 212
7%
Asigliano Veneto Vicenza 868
7%
Atripalda Avellino 10 424
7%
Attigliano Terni 1 982
7%
Auletta Salerno 2 120
7%
Avigliano Umbro Terni 3 348
7%
Ayas Aosta 1 399
7%
Azzano Decimo Pordenone 15 698
7%
Azzio Varese 743
7%
Acceglio Cuneo 158
3%
Acerno Salerno 2 500
3%
Acquaviva Collecroce Campobasso 576
3%
Agliana Pistoia 17 997
3%
Agosta Roma 1 701
3%
Agrate Conturbia Novara 1 505
3%
Aielli L'Aquila 1 422
3%
Aiello del Sabato Avellino 4 015
3%
Aieta Cosenza 767
3%
Airola Benevento 8 085
3%
Ala di Stura Torino 454
3%
Albanella Salerno 6 222
3%
Albano Sant'Alessandro Bergamo 8 216
3%
Albaredo per San Marco Sondrio 287
3%
Albera Ligure Alessandria 296
3%
Albiate Monza e della Brianza 6 582
3%
Albiolo Como 2 673
3%
Albonese Pavia 535
3%
Albosaggia Sondrio 2 997
3%
Aldeno Trento 3 190
3%
Aldino Bolzano 1 648
3%
Alfianello Brescia 2 355
3%
Algua Bergamo 654
3%
Alice Bel Colle Alessandria 739
3%
Alice Castello Vercelli 2 459
3%
Allerona Terni 1 665
3%
Alluvioni Piovera Alessandria 1712
3%
Alserio Como 1 270
3%
Altare Savona 1 930
3%
Alta Valle Intelvi Como 2 976
3%
Alta Val Tidone Piacenza 2 875
3%
Altavilla Monferrato Alessandria 425
3%
Altidona Fermo 3 525
3%
Altilia Cosenza 665
3%
Alvignano Caserta 4 500
3%
Ameno Novara 834
3%
Amorosi Benevento 2 617
3%
Andreis Pordenone 244
3%
Andretta Avellino 1 654
3%
Annicco Cremona 1 968
3%
Anoia Reggio Calabria 2 018
3%
Antegnate Bergamo 3 180
3%
Anterivo Bolzano 403
3%
Antey-Saint-André Aosta 557
3%
Antignano Asti 692
3%
Antillo Messina 824
3%
Antrona Schieranco Verbano-Cusio-Ossola 409
3%
Anzano di Puglia Foggia 1 082
3%
Anzola d'Ossola Verbano-Cusio-Ossola 373
3%
Appignano Macerata 4 053
3%
Appignano del Tronto Ascoli Piceno 1 670
3%
Aquara Salerno 1 348
3%
Aradeo Lecce 9 859
3%
Arcene Bergamo 4 756
3%
Archi Chieti 1 990
3%
Argusto Catanzaro 483
3%
Arielli Chieti 1 063
3%
Arizzano Verbano-Cusio-Ossola 1 944
3%
Armeno Novara 2 093
3%
Armento Potenza 579
3%
Arnad Aosta 1 235
3%
Arnara Frosinone 2 164
3%
Arnesano Lecce 3 913
3%
Arsita Teramo 735
3%
Artegna Udine 2 854
3%
Arzana Ogliastra 2 285
3%
Asigliano Vercellese Vercelli 1 379
3%
Atena Lucana Salerno 2 430
3%
Aurano Verbano-Cusio-Ossola 100
3%
Avegno Genova 2 520
3%
Avelengo Bolzano 794
3%
Aymavilles Aosta 2 091
3%
Azzano d'Asti Asti 381
3%
Abbasanta Oristano 2 569
0%
Abbateggio Pescara 354
0%
Acciano L'Aquila 279
0%
Aggius Gallura-Nord Est Sardegna 1 411
0%
Aglientu Gallura-Nord Est Sardegna 1 221
0%
Aicurzio Monza e della Brianza 2 072
0%
Aidomaggiore Oristano 395
0%
Aiello del Friuli Udine 2 188
0%
Ailano Caserta 1 198
0%
Ailoche Biella 314
0%
Airasca Torino 3 750
0%
Aisone Cuneo 224
0%
Alà dei Sardi Gallura-Nord Est Sardegna 1 806
0%
Albagiara Oristano 241
0%
Albano Vercellese Vercelli 308
0%
Albaretto della Torre Cuneo 234
0%
Albiano d'Ivrea Torino 1 636
0%
Albugnano Asti 500
0%
Albuzzano Pavia 3 563
0%
Alfiano Natta Alessandria 739
0%
Allai Oristano 363
0%
Allein Aosta 209
0%
Almese Torino 6 420
0%
Alpette Torino 241
0%
Alpignano Torino 16 459
0%
Altopiano della Vigolana Trento 5 138
0%
Alto Sermenza Vercelli 143
0%
Alzano Scrivia Alessandria 366
0%
Ambivere Bergamo 2 365
0%
Amblar-Don Trento 541
0%
Andalo Valtellino Sondrio 593
0%
Andezeno Torino 2 036
0%
Andorno Micca Biella 3 027
0%
Anela Sassari 579
0%
Angrogna Torino 834
0%
Annone di Brianza Lecco 2 322
0%
Anzano del Parco Como 1 800
0%
Apecchio Pesaro e Urbino 1 722
0%
Apiro Macerata 2 099
0%
Aquila d'Arroscia Imperia 141
0%
Aramengo Asti 567
0%
Arbus Medio Campidano 5 837
0%
Arcevia Ancona 4 230
0%
Ardara Sassari 727
0%
Ardauli Oristano 775
0%
Ardenno Sondrio 3 197
0%
Ardesio Bergamo 3 379
0%
Arena Po Pavia 1 504
0%
Argegno Como 680
0%
Argentera Cuneo 82
0%
Arguello Cuneo 197
0%
Arienzo Caserta 5 220
0%
Arignano Torino 1 085
0%
Aritzo Nuoro 1 184
0%
Armo Imperia 118
0%
Armungia Cagliari 435
0%
Arnasco Savona 551
0%
Arosio Como 5 091
0%
Arsago Seprio Varese 4 765
0%
Arvier Aosta 861
0%
Arzago d'Adda Bergamo 2 719
0%
Asuni Oristano 320
0%
Ateleta L'Aquila 1 078
0%
Attimis Udine 1 672
0%
Atzara Nuoro 1 000
0%
Aurigo Imperia 337
0%
Austis Nuoro 756
0%
Averara Bergamo 173
0%
Aviatico Bergamo 564
0%
Avise Aosta 301
0%
Avolasca Alessandria 260
0%
Azeglio Torino 1 242
0%
Azzanello Cremona 608
0%
Azzano San Paolo Bergamo 7 546
0%
Nessun quiz corrispondente trovato
Distribuzione punteggi
Percentuale di utenti per punteggio
Percentile per numero di risposta
I tuoi punteggi nel tempo
Non hai fatto questo quiz